Pitman dictionary (Record no. 24721)

MARC details
000 -LEADER
fixed length control field 00263nam a2200109Ia 4500
082 ## - DEWEY DECIMAL CLASSIFICATION NUMBER
Classification number 651.93(038)
Item number PIT
100 ## - MAIN ENTRY--AUTHOR NAME
Personal name Pitman, Isaac
245 #0 - TITLE STATEMENT
Title Pitman dictionary
260 ## - PUBLICATION, DISTRIBUTION, ETC. (IMPRINT)
Place of publication New York
Name of publisher Pitman
Year of publication 1974
942 ## - ADDED ENTRY ELEMENTS (KOHA)
Koha item type Books
Holdings
Withdrawn status Lost status Damaged status Not for loan Home library Current library Date acquired Cost, normal purchase price Full call number Accession Number Koha item type
        RRII Library RRII Library 16/12/2021 57.85 651.93(038) PIT 05393 Books